01497nam a2200301Ia 450000500170000000800410001702000180005810000260007624501020010225000230020430000420022749000450026952003820031452100550069658600390075165000500079065000500084065000300089065000260092070000380094670000270098426400500101133600270106133700330108833800280112104000350114908400110118420220316235958.0141031s2012 mx a g 000 j spa  a97896816457241 aDreser, Elena,d1946-10aManuela color canela cElena Dreser ; ilustraciones de Marisol Fernández ; editor Daniel Goldin aSegunda edición  a27 páginas bilustraciones c22 cm. aLos especiales de A la orilla del viento aManuela tiene la piel color abeja, color ardilla, color alondra. Todos los días toma y toma Sol, porque le gusta verse color caramelo, color cacao, color canela. Alguien le dijo que los rayos del Sol vuelven a las Manuelas color dorado, color dulce, color dátil. Y como ella lo que más desea es lucir color chinchilla, color chocolate, color chirimía, toma y toma sol. aRecomendado para niños a partir de 4 a 6 años  aPremio A la orilla del viento 1993142LEMBaCuentos infantiles argentinosySiglo XX142LEMBaLiteratura infantil argentinaySiglo XX142LEMBaRaza negravCuento 142LEMBaMujeresvCuento1 aFernández, Marisoleilustradora1 aGoldin, Danieleeditor aMéxico bFondo de Cultura Económicac2012 atextobtxt2rdacontent asin mediaciónbn2rdamedia avolumenbnc2rdacarrier aCO-BoRNBPbspaerdacCO-BoRNBP aC DRE1